<An> Introduction to macros

Salvato in:
Dettagli Bibliografici
Autore principale: Gampbell-Kelly, M.
Natura: Libro
Lingua:inglese
Pubblicazione: London MacDonald 1973
Tags: Aggiungi Tag
Nessun Tag, puoi essere il primo ad aggiungerne!!

MARC

LEADER 00000nam a2200000 4500
001 c109354
005 20041019155143.8
041 0 |a eng 
044 |a GB 
245 1 0 |a <An> Introduction to macros  |c M. Gampbell-Kelly 
264 1 |a London  |b MacDonald  |c 1973 
300 |a 122 s. 
100 1 |a Gampbell-Kelly, M.